The Dragon book of verse / (Record no. 18184)
[ view plain ]
| 000 -LEADER | |
|---|---|
| fixed length control field | 00886cam a2200253u 4500 |
| 001 - CONTROL NUMBER | |
| control field | 18184 |
| 003 - CONTROL NUMBER IDENTIFIER | |
| rucl marc code | BD-RjUL |
| 005 - DATE AND TIME OF LATEST TRANSACTION | |
| control field | 20211209000240.0 |
| 008 - FIXED-LENGTH DATA ELEMENTS--GENERAL INFORMATION | |
| fixed length control field | 140219r19581935enka 000 0 eng |
| 035 ## - SYSTEM CONTROL NUMBER | |
| System control number | (BD-RjUL)18242 |
| 040 ## - CATALOGING SOURCE | |
| Original cataloging agency | DLC |
| Transcribing agency | CarP |
| Modifying agency | DLC |
| -- | BD-RjUL |
| Language of cataloging | eng |
| 041 ## - LANGUAGE CODE | |
| Language code of text/sound track or separate title | eng |
| 082 04 - DEWEY DECIMAL CLASSIFICATION NUMBER | |
| Edition number | 20 |
| Classification number | 821 |
| Author mark and year | WID 1958 |
| 100 1# - MAIN ENTRY--PERSONAL NAME | |
| Personal name | Wilkinson, William Alexander Chaplin, |
| Dates associated with a name | 1900- [from old catalog] |
| 9 (RLIN) | 55990 |
| 245 14 - TITLE STATEMENT | |
| Title | The Dragon book of verse / |
| Statement of responsibility, etc. | Complied by W. A. G. Wilkison and N. H. Wilkinson. |
| Number of part/section of a work | Book 1 |
| 260 ## - PUBLICATION, DISTRIBUTION, ETC. (IMPRINT) | |
| Place of publication, distribution, etc. | Oxford : |
| Name of publisher, distributor, etc. | The Clarendon press, |
| Date of publication, distribution, etc. | 1935 [Reprinted 1958]. |
| 300 ## - PHYSICAL DESCRIPTION | |
| Pagination | viii, 160 p. : |
| Illustrations | illus. ; |
| Size | 19 cm. |
| 650 #0 - SUBJECT ADDED ENTRY--TOPICAL TERM | |
| Topical term or geographic name as entry element | Children's poetry. [from old catalog] |
| 9 (RLIN) | 55991 |
| Topical term or geographic name as entry element | English poetry. |
| 9 (RLIN) | 55992 |
| 700 1# - ADDED ENTRY--PERSONAL NAME | |
| Personal name | Wilkinson, Noël Hawtrey, |
| Dates associated with a name | 1908- [from old catalog] |
| Relator term | joint comp. |
| 942 ## - ADDED ENTRY ELEMENTS (KOHA) | |
| Source of classification or shelving scheme | Dewey Decimal Classification |
| Koha item type | Books |
| Lost status | Source of classification or shelving scheme | Damaged status | Not for loan | Collection code | Permanent Location | Current Location | Shelving location | Date acquired | Source of acquisition | Cost, normal purchase price | Total Checkouts | Full call number | Date last seen | Copy number | Koha item type |
|---|---|---|---|---|---|---|---|---|---|---|---|---|---|---|---|
| Dewey Decimal Classification | Non-fiction | Central Library, University of Rajshahi | Central Library, University of Rajshahi | 09/05/1974 | Oxford university Press | 9.90 | 821 WID B-1 1958 | 19/02/2014 | C-3 | Books | |||||
| Dewey Decimal Classification | Non-fiction | Central Library, University of Rajshahi | Central Library, University of Rajshahi | 01/03/2020 | 821 WID 1958 B-1 | 01/03/2020 | C-2 | Books |